| 000 | 00587nam a2200229 4500 | ||
|---|---|---|---|
| 003 | OSt | ||
| 005 | 20260601193843.0 | ||
| 008 | 260417b1974 Sp a|||| |||| 00| 0 Spa d | ||
| 020 | _a84021975 | ||
| 040 |
_aICI _bSpa _cICI |
||
| 050 |
_aBD648 _b M64 |
||
| 100 | 1 | _aMoles, Abraham A. | |
| 245 | 1 | _aTeoría de los Objetos | |
| 264 |
_b Gustavo Gili _c1974 _aBarcelona |
||
| 300 | _a191 páginas | ||
| 336 |
_atexto _2rdacontent |
||
| 337 |
_asin medio _2rdamedia |
||
| 338 |
_avolumen _2rdacarrier |
||
| 650 |
_aMateria _931072 |
||
| 650 |
_aForma (Filosofía) _931073 |
||
| 942 |
_2ddc _cB |
||
| 999 |
_c21531 _d21531 |
||